000 00751nam a2200253Ia 4500
003 OSt
005 20221006160956.0
006 a|||||r|||| 00| 0
007 ta
008 221006b |||||||| |||| 00| 0 eng d
020 _a9786130674496
024 _a47,017
037 _cTextual
040 _aEASL
_cEASL
_beng
041 _2eng
_aeng
082 _aT.4951, Q0
100 _aMILLER Frederic P. & Others Ed.
245 0 _aEducation in South Korea
_b Education, Kindergarten, Twelfth grade, mathematics education
260 _aMauritius
_bAlphascript Publishing Mauritius
_c2010
300 _a106p.
_ccm.
490 _v KEL
942 _hT.4951, Q0
_cTEXL
_2CC
999 _c1115106
_d1115106